000
00310nam a22001337a 4500
003
SGT
082
_a
617.692
_b
L13K
100
_a
KAUR, SUKHDEEP
245
_a
LASERS IN PROSTHODONTICS
260
_a
DELHI NCR
_b
SGT UNIVERSITY GURUGRAM
_c
2013
300
_a
1-86
650
_a
PROSTHODONTICS
942
_2
ddc
_c
TH
999
_c
18582
_d
18582